Yeat Discography - By Image - Statistics

General Stats
  • This quiz has been taken 215 times
  • The average score is 10 of 12
Answer Stats
Picture Answer % Correct
2093
97%
Up 2 Me
97%
4L
96%
2 Alive
93%
Afterlyfe
92%
Alive
92%
Lyfe
91%
Wake Up Call
89%
I'm So Me
73%
Trendi
70%
Deep Blu Strips
66%
Different Creature
43%
No matching quizzes found
Score Distribution
Percent of People with Each Score
Percentile by Number Answered
Your Score History
You have not taken this quiz